MARC details
| 000 -CABECERA |
| campo de control de longitud fija |
02168pam a22003131i 4500 |
| 001 - NÚMERO DE CONTROL |
| campo de control |
991025425058107026 |
| 003 - IDENTIFICADOR DEL NÚMERO DE CONTROL |
| campo de control |
UkOxU |
| 005 - FECHA Y HORA DE LA ÚLTIMA TRANSACCIÓN |
| campo de control |
20250616095153.0 |
| 006 - CÓDIGOS DE INFORMACIÓN DE LONGITUD FIJA--CARACTERÍSTICAS DEL MATERIAL ADICIONAL |
| campo de control de longitud fija |
m || d | |
| 007 - CAMPO FIJO DE DESCRIPCIÓN FÍSICA--INFORMACIÓN GENERAL |
| campo de control de longitud fija |
cr ||||||||||| |
| 008 - DATOS DE LONGITUD FIJA--INFORMACIÓN GENERAL |
| campo de control de longitud fija |
230314r20232021enk o 000|0|eng|d |
| 015 ## - NÚMERO DE BIBLIOGRAFÍA NACIONAL |
| Número de bibliografía nacional |
GBC360250 |
| Fuente |
bnb |
| 020 ## - NÚMERO INTERNACIONAL ESTÁNDAR DEL LIBRO |
| Número Internacional Estándar del Libro |
9781786278968 |
| 040 ## - FUENTE DE LA CATALOGACIÓN |
| Centro catalogador/agencia de origen |
StDuBDS |
| Lengua de catalogación |
eng |
| Normas de descripción |
rda |
| -- |
pn |
| Centro/agencia transcriptor |
StDuBDS |
| Centro/agencia modificador |
Uk |
| -- |
UkOxU |
| 041 ## - CÓDIGO DE LENGUA |
| Código de lengua del texto/banda sonora o título independiente |
eng |
| 100 ## - ENTRADA PRINCIPAL--NOMBRE DE PERSONA |
| Nombre de persona |
Boswell, Lisa, |
| Término indicativo de función/relación |
author. |
| 9 (RLIN) |
25403 |
| 245 14 - MENCIÓN DE TÍTULO |
| Título |
The modern oracle |
| Resto del título |
: fortune telling and divination for the real world |
| Mención de responsabilidad, etc. |
/ Lisa Boswell. |
| 264 #1 - PRODUCCIÓN, PUBLICACIÓN, DISTRIBUCIÓN, FABRICACIÓN Y COPYRIGHT |
| Producción, publicación, distribución, fabricación y copyright |
London : |
| Nombre del de productor, editor, distribuidor, fabricante |
Laurence King Publishing, |
| Fecha de producción, publicación, distribución, fabricación o copyright |
2023. |
| 300 ## - DESCRIPCIÓN FÍSICA |
| Extensión |
192 pages : color illustrations ; 20 cm |
| 500 ## - NOTA GENERAL |
| Nota general |
Previously issued in print: 2021. |
| 505 ## - NOTA DE CONTENIDO CON FORMATO |
| Nota de contenido con formato |
Seeing signs —<br/><br/>Crystal ball scrying —<br/><br/>Pendulum dowsing —<br/><br/>Reading Lenormand cards —<br/><br/>Reading tarot cards —<br/><br/>Crystals —<br/><br/>Numerology —<br/><br/>Dream interpretation —<br/><br/>Tea leaf reading —<br/><br/>Runes —<br/><br/>Astrology —<br/><br/>Palmistry —<br/><br/>Casting —<br/><br/>Conclusion: becoming a diviner —<br/><br/>The A-Z of divination —<br/><br/>List of symbols and meanings. |
| 506 1# - NOTA DE RESTRICCIONES AL ACCESO |
| Limitaciones de acceso |
Legal Deposit; |
| Condiciones para el acceso físico |
Only available on premises controlled by the deposit library and to one user at any one time; |
| Autorización |
The Legal Deposit Libraries (Non-Print Works) Regulations (UK). |
| Institución que aplica el campo |
UkOxU |
| 520 ## - SUMARIO, ETC. |
| Sumario, etc. |
"Discover your fortune, change your destiny. Use your star sign to reach your fitness goals, kickstart your career with crystal energy, sort out of your love life with tarot or embark on some deep self-reflection with palmistry. With expert guidance from a fourth-generation Romany-Gypsy psychic and diviner, The Modern Oracle will teach you the key methods of fortune telling and divination, helping you answer life's big questions and solve everyday dramas. Find out what your future holds"--Publisher's description. |
| 540 ## - NOTA DE CONDICIONES DE USO Y REPRODUCCIÓN |
| Condiciones de uso y reproducción |
Restricted: Printing from this resource is governed by The Legal Deposit Libraries (Non-Print Works) Regulations (UK) and UK copyright law currently in force. |
| Institución que aplica el campo |
UkOxU |
| 588 ## - NOTA DE FUENTE DE LA DESCRIPCIÓN |
| Nota de fuente de la descripción |
Description based on CIP data; resource not viewed. |
| 650 #0 - PUNTO DE ACCESO ADICIONAL DE MATERIA--TÉRMINO DE MATERIA |
| Término de materia o nombre geográfico como elemento de entrada |
Fortune-telling. |
| 9 (RLIN) |
25404 |
| 650 #0 - PUNTO DE ACCESO ADICIONAL DE MATERIA--TÉRMINO DE MATERIA |
| Término de materia o nombre geográfico como elemento de entrada |
Divination. |
| 9 (RLIN) |
25405 |
| 942 ## - ELEMENTOS DE ENTRADA AGREGADA (KOHA) |
| Fuente del sistema de clasificación o colocación |
Clasificación de Library of Congress |